000 00790nam a2200241Ia 4500
003 URS
005 20240715190248.0
008 240418s9999 xx 000 0 und d
020 _a978-1-4698-9463-8
040 _bEnglish
_cURS
_erda
050 _aRS200
_b.A57 2014
100 _aAllen Jr., Loyd V.,
_eauthor.
245 0 _aAnsel's pharmaceutical dosage forms and drug delivery systems /
_cLoyd V. Allen, Jr., Howard C. Ansel.
250 _a10th edition.
264 _aPhiladelphia :
_bWolters Kluwer,
_c©2014.
300 _axi, 794 pages :
_billustrations ;
_c28 cm.
336 _atext
_btxt
_2rdacontent
337 _aunmediated
_bn
_2rdamedia
338 _avolume
_bnc
_2rdacarrier
650 0 _aDrugs
_xDosage forms.
_95846
650 0 _aDrug delivery systems.
_95847
942 _cFR
_2lcc
999 _c79032
_d79031